Splitting in topological groups

Αποθηκεύτηκε σε:
Λεπτομέρειες βιβλιογραφικής εγγραφής
Κύριος συγγραφέας: Hofmann, Karl Heinrich
Άλλοι συγγραφείς: Mostert, Paul S. (Paul Stallings)
Μορφή: Βιβλίο
Γλώσσα:English
Δημοσίευση: Providence, R.I. : American Mathematical Society, 1963
Σειρά:Memoirs of the American Mathematical Society ; ; 43
Θέματα:
Ετικέτες: Προσθήκη ετικέτας
Δεν υπάρχουν, Καταχωρήστε ετικέτα πρώτοι!

MARC

LEADER 00000nam a2200000 i 4500
001 1/45530
008 941103s1963 eng d
020 |a 0-8218-1243-2 
035 |a 1993  |l 10042566 
040 |a GR-MY-UA  |b gre  |e aacr 
041 0 |a eng 
082 0 |a 512.55 
100 1 |a Hofmann, Karl Heinrich. 
245 1 0 |a Splitting in topological groups /  |c K.H. Hofmann, Paul Mostert 
260 |a Providence, R.I. :   |b American Mathematical Society,   |c 1963 
300 |a 82 p.;  |c 26 cm. 
490 1 |a Memoirs of the American Mathematical Society  |v ; 43 
500 |a Includes bibliographical references (p. 67-68) 
650 0 0 |a Topological groups. 
700 1 |a Mostert, Paul S.  |q (Paul Stallings) 
830 0 |a Memoirs of the American Mathematical Society ;  |v ; 43 
852 |a INST  |b SAMOS  |e 19941103  |h 512.55 HOF  |p 005300002736  |q 005300002736  |t BK  |y 0 
909 |a Σ  |b 030517